[Event "Marienske Lazne op 20th"]
[Site "Marianske Lazne"]
[Date "2022.01.18"]
[Round "4"]
[White "Kastner, Jan"]
[Black "Kolbus, Dietmar"]
[Result "0-1"]
[WhiteElo "2001"]
[BlackElo "2301"]
[PlyCount "76"]
[EventDate "2022.01.15"]
[EventType "swiss"]
[EventRounds "9"]
[EventCountry "CZE"]
[SourceTitle "CBM 206 Extra"]
[Source "ChessBase"]
[SourceDate "2022.03.31"]
[SourceVersion "1"]
[SourceVersionDate "2022.03.31"]
[SourceQuality "1"]

1. d4 Nf6 2. Bf4 g6 3. e3 Bg7 4. Bd3 d6 5. h3 Nbd7 6. Nd2 e5 7. Bg5 h6 8. Bh4 0-0 9. c3 Qe8 10. Qe2 a6 11. dxe5 dxe5 12. e4 Nc5 13. Bc2 Nh5 14. 0-0-0 Be6 15. Nb3 Nf4 16. Qf1 Na4 17. f3 b5 18. Bf2 Bc4 19. Qe1 Nxg2 20. Qd2 Rd8 21. Qxd8 Qxd8 22. Rxd8 Rxd8 23. Rh2 Nf4 24. Be3 Nd3+ 25. Bxd3 Rxd3 26. Ba7 Bf8 27. Kc2 Rd7 28. Rd2 Rxd2+ 29. Nxd2 Be6 30. b3 Nb6 31. Bb8 Bd6 32. Kd3 Kf8 33. Nf1 Nc8 34. Ne3 Ke8 35. c4 Kd7 36. Nd5 Kc6 37. c5 Bxc5 38. Nxc7 Bxg1 0-1

[Event "Klatovy op-B 24th"]
[Site "Klatovy"]
[Date "2018.07.01"]
[Round "2"]
[White "Privoznik, Lubos"]
[Black "Kastner, Jan"]
[Result "0-1"]
[WhiteElo "1665"]
[BlackElo "1930"]
[PlyCount "98"]
[EventDate "2018.06.30"]
[EventType "swiss"]
[EventRounds "9"]
[EventCountry "CZE"]
[SourceTitle "CBM 185 Extra"]
[Source "ChessBase"]
[SourceDate "2018.07.29"]
[SourceVersion "1"]
[SourceVersionDate "2018.07.29"]
[SourceQuality "1"]

1. e4 c6 2. d4 d5 3. Nc3 dxe4 4. Nxe4 Bf5 5. Ng3 Bg6 6. h4 h6 7. Nf3 Nd7 8. h5 Bh7 9. Bd3 Bxd3 10. Qxd3 e6 11. Bf4 Ngf6 12. c4 Bb4+ 13. Bd2 Nc5 14. Qe2 Bxd2+ 15. Qxd2 Nce4 16. Nxe4 Nxe4 17. Qb4 Qb6 18. Qxb6 axb6 19. Nd2 Nf6 20. f3 Ra5 21. g4 Ke7 22. Ke2 Rd8 23. Ke3 Rda8 24. a3 Ra4 25. Rhc1 b5 26. Kd3 bxc4+ 27. Rxc4 R4a5 28. Rc5 R5a6 29. Rac1 Rd8 30. Nb3 Rb6 31. Kc2 Nd5 32. Re1 Kf6 33. Rc4 Kg5 34. Nd2 Kf4 35. Re4+ Kg3 36. Re2 Nf4 37. Re3 Kf2 38. Rb3 Rxb3 39. Kxb3 Ne2 40. Rb4 Nxd4+ 41. Kc3 Nb5+ 42. Kc2 Rd7 43. Rf4 f6 44. Re4 e5 45. f4 Nd4+ 46. Kd1 exf4 47. Rxf4+ Kg3 48. Re4 Nf3 49. Re2 Rxd2+ 0-1

[Event "Klatovy op-B 24th"]
[Site "Klatovy"]
[Date "2018.06.30"]
[Round "1"]
[White "Kastner, Jan"]
[Black "Souralova, Venuse"]
[Result "1-0"]
[WhiteElo "1930"]
[BlackElo "1453"]
[PlyCount "63"]
[EventDate "2018.06.30"]
[EventType "swiss"]
[EventRounds "9"]
[EventCountry "CZE"]
[SourceTitle "CBM 185 Extra"]
[Source "ChessBase"]
[SourceDate "2018.07.29"]
[SourceVersion "1"]
[SourceVersionDate "2018.07.29"]
[SourceQuality "1"]

1. d4 d5 2. Nf3 Nf6 3. Bf4 e6 4. e3 Be7 5. Bd3 0-0 6. Nbd2 b6 7. 0-0 Bb7 8. Rc1 Nbd7 9. c3 Rc8 10. Re1 c5 11. Ne5 Nxe5 12. Bxe5 Bd6 13. f4 Bxe5 14. fxe5 Ne4 15. Bxe4 dxe4 16. Qg4 f5 17. exf6 Rxf6 18. Rf1 Rg6 19. Qf4 Rc7 20. Qe5 Qg5 21. Qxg5 Rxg5 22. dxc5 Rcxc5 23. Nb3 Rcd5 24. Nd4 Rg6 25. c4 Rdg5 26. Rf2 e5 27. Nb5 a6 28. Rd1 h6 29. Rd8+ Kh7 30. Nd6 Rxd6 31. Rxd6 Rg6 32. Rfd2 1-0

[Event "Teplice op 3rd"]
[Site "Teplice"]
[Date "2008.06.16"]
[Round "3"]
[White "Kastner, Jan"]
[Black "Steinhauser, Vaclav"]
[Result "1-0"]
[WhiteElo "1743"]
[BlackElo "1393"]
[PlyCount "91"]
[EventDate "2008.06.14"]
[EventType "swiss"]
[EventRounds "9"]
[EventCountry "CZE"]
[SourceTitle "CBM 125 Extra"]
[Source "ChessBase"]
[SourceDate "2008.09.01"]
[SourceVersion "1"]
[SourceVersionDate "2008.09.01"]
[SourceQuality "1"]

1. e4 c5 2. Nf3 d6 3. Nc3 Nf6 4. d4 cxd4 5. Nxd4 g6 6. Be2 Bg7 7. Be3 0-0 8. h4 h5 9. Qd2 Bd7 10. f3 Nc6 11. 0-0-0 a5 12. Nxc6 Bxc6 13. Bh6 a4 14. Bxg7 Kxg7 15. Nd5 Bxd5 16. exd5 Qb6 17. Qd4 Qxd4 18. Rxd4 Rfb8 19. Rhd1 b5 20. Rb4 Ra5 21. a3 Nd7 22. Kb1 Nc5 23. c4 Nb3 24. Rxb5 Raxb5 25. cxb5 Rc8 26. Bd3 Rb8 27. Bc4 Na5 28. Bf1 Nb3 29. Bd3 Nd4 30. Ka2 Nxb5 31. Bxb5 Rxb5 32. Rd4 Ra5 33. b3 axb3+ 34. Kxb3 Kf8 35. Kb4 Ra7 36. a4 Ke8 37. Kb5 Kd8 38. Kb6 Ra8 39. a5 Kc8 40. Rc4+ Kb8 41. a6 Ra7 42. g4 f6 43. gxh5 gxh5 44. Rc1 Ra8 45. Rg1 Kc8 46. Rg8+ 1-0

[Event "Teplice op 3rd"]
[Site "Teplice"]
[Date "2008.06.15"]
[Round "2"]
[White "Steinhauser, Dominik"]
[Black "Kastner, Jan"]
[Result "1-0"]
[WhiteElo "1919"]
[BlackElo "1743"]
[PlyCount "39"]
[EventDate "2008.06.14"]
[EventType "swiss"]
[EventRounds "9"]
[EventCountry "CZE"]
[SourceTitle "CBM 125 Extra"]
[Source "ChessBase"]
[SourceDate "2008.09.01"]
[SourceVersion "1"]
[SourceVersionDate "2008.09.01"]
[SourceQuality "1"]

1. e4 c5 2. Nf3 e6 3. d4 cxd4 4. Nxd4 Nc6 5. Nc3 a6 6. a3 g6 7. Be3 Bg7 8. Qd2 Nge7 9. 0-0-0 Qa5 10. h4 h5 11. f4 b5 12. Qf2 Nxd4 13. Bxd4 Bxd4 14. Qxd4 0-0 15. g4 Nc6 16. Qf2 hxg4 17. h5 gxh5 18. Qh4 b4 19. Rd5 Qxd5 20. Nxd5 1-0

[Event "Teplice op 3rd"]
[Site "Teplice"]
[Date "2008.06.14"]
[Round "1"]
[White "Kastner, Jan"]
[Black "Pertlova, Sona"]
[Result "0-1"]
[WhiteElo "1743"]
[BlackElo "2159"]
[PlyCount "52"]
[EventDate "2008.06.14"]
[EventType "swiss"]
[EventRounds "9"]
[EventCountry "CZE"]
[SourceTitle "CBM 125 Extra"]
[Source "ChessBase"]
[SourceDate "2008.09.01"]
[SourceVersion "1"]
[SourceVersionDate "2008.09.01"]
[SourceQuality "1"]

1. e4 c5 2. Nf3 e6 3. Nc3 Nc6 4. d3 Nge7 5. Bf4 d6 6. Be2 a6 7. 0-0 Ng6 8. Bg3 Be7 9. Rb1 Bf6 10. a3 h5 11. h3 h4 12. Bh2 0-0 13. Nd2 b5 14. Bh5 Nge7 15. Ne2 g6 16. Bg4 d5 17. exd5 exd5 18. Bxc8 Rxc8 19. g4 hxg3 20. Bxg3 Kg7 21. Kg2 Rh8 22. Rh1 Nf5 23. Ng1 Bh4 24. Ngf3 Bxg3 25. c3 Qe7 26. c4 Bxf2 0-1